| 000 | 00706nam a22002177a 4500 | ||
|---|---|---|---|
| 003 | LK-CoDNM | ||
| 005 | 20241122142756.0 | ||
| 008 | 241015b |||||||| |||| 00| 0 eng d | ||
| 040 |
_aLK-CoDNM _dLK-CoDNM _eLK-CoDNM |
||
| 041 | _asin | ||
| 080 |
_aප්ර.අ. _b15.a |
||
| 245 |
_aඅමාව-1949 _b1 කාණ්ඩය 9 කලාපය |
||
| 260 |
_aඅනුරාධපුර _c1949 _bඅනුර මුද්රණාලය |
||
| 300 | _b16p. ; 24 cm | ||
| 500 | _aමාසික සගරාව | ||
| 650 | _aඅමාව-1949 | ||
| 650 | _a1 කාණ්ඩය 9 කලාපය | ||
| 650 | _aප්ර.අ. 15.a | ||
| 650 | _aමාසික සගරාව | ||
| 942 | _cBK | ||
| 999 |
_c232407 _d232407 |
||